<?xml version="1.0" encoding="UTF-8"?>
<record
    xmlns:xsi="http://www.w3.org/2001/XMLSchema-instance"
    xsi:schemaLocation="http://www.loc.gov/MARC21/slim http://www.loc.gov/standards/marcxml/schema/MARC21slim.xsd"
    xmlns="http://www.loc.gov/MARC21/slim">

  <leader>00691nam a2200217Ia 4500</leader>
  <controlfield tag="005">20220124153626.0</controlfield>
  <controlfield tag="008">210716s2010    xx            000 0 und d</controlfield>
  <datafield tag="020" ind1=" " ind2=" ">
    <subfield code="a">9780070153622</subfield>
  </datafield>
  <datafield tag="040" ind1=" " ind2=" ">
    <subfield code="c">AIMIT LIBRARY</subfield>
  </datafield>
  <datafield tag="041" ind1=" " ind2=" ">
    <subfield code="a">eng</subfield>
  </datafield>
  <datafield tag="082" ind1=" " ind2=" ">
    <subfield code="a">332.12 </subfield>
    <subfield code="2">3</subfield>
    <subfield code="b">GURS</subfield>
  </datafield>
  <datafield tag="100" ind1=" " ind2=" ">
    <subfield code="a">Gurusamy,S.</subfield>
    <subfield code="9">14587</subfield>
  </datafield>
  <datafield tag="245" ind1=" " ind2=" ">
    <subfield code="a">Merchant banking and financial services /</subfield>
    <subfield code="c">by S Gurusamy.</subfield>
  </datafield>
  <datafield tag="250" ind1=" " ind2=" ">
    <subfield code="a">[3rd ed.]</subfield>
  </datafield>
  <datafield tag="260" ind1=" " ind2=" ">
    <subfield code="a">New Delhi :</subfield>
    <subfield code="b">Tata McGraw Hill Publishing Company Ltd ,</subfield>
    <subfield code="c">2010 .</subfield>
  </datafield>
  <datafield tag="300" ind1=" " ind2=" ">
    <subfield code="a">xv, 460p. ;</subfield>
    <subfield code="c">24 cm.</subfield>
  </datafield>
  <datafield tag="650" ind1=" " ind2=" ">
    <subfield code="a">Capital structure decisions</subfield>
    <subfield code="9">14588</subfield>
  </datafield>
  <datafield tag="650" ind1=" " ind2=" ">
    <subfield code="a">Portfolio management services</subfield>
    <subfield code="9">14589</subfield>
  </datafield>
  <datafield tag="650" ind1=" " ind2=" ">
    <subfield code="a">Real estate financing</subfield>
    <subfield code="9">14590</subfield>
  </datafield>
  <datafield tag="942" ind1=" " ind2=" ">
    <subfield code="2">ddc</subfield>
    <subfield code="c">BK</subfield>
    <subfield code="e">3</subfield>
    <subfield code="k">332.12 GURS</subfield>
  </datafield>
  <datafield tag="999" ind1=" " ind2=" ">
    <subfield code="c">207973</subfield>
    <subfield code="d">207973</subfield>
  </datafield>
  <datafield tag="952" ind1=" " ind2=" ">
    <subfield code="0">0</subfield>
    <subfield code="1">0</subfield>
    <subfield code="2">ddc</subfield>
    <subfield code="4">0</subfield>
    <subfield code="7">3</subfield>
    <subfield code="8">MBA</subfield>
    <subfield code="a">AIMIT</subfield>
    <subfield code="b">AIMIT</subfield>
    <subfield code="d">2013-02-21</subfield>
    <subfield code="g">440.00</subfield>
    <subfield code="i">Bill no:410; Bill dt:2013-02-19</subfield>
    <subfield code="l">0</subfield>
    <subfield code="o">332.12 GURS</subfield>
    <subfield code="p">MBA10539</subfield>
    <subfield code="r">2025-07-21 00:00:00</subfield>
    <subfield code="v">330.00</subfield>
    <subfield code="w">2021-07-16</subfield>
    <subfield code="y">BK</subfield>
  </datafield>
  <datafield tag="952" ind1=" " ind2=" ">
    <subfield code="0">0</subfield>
    <subfield code="1">0</subfield>
    <subfield code="2">ddc</subfield>
    <subfield code="4">0</subfield>
    <subfield code="7">0</subfield>
    <subfield code="8">MBA</subfield>
    <subfield code="a">AIMIT</subfield>
    <subfield code="b">AIMIT</subfield>
    <subfield code="d">2013-02-21</subfield>
    <subfield code="g">440.00</subfield>
    <subfield code="i">Bill no:410; Bill dt:2013-02-19</subfield>
    <subfield code="l">0</subfield>
    <subfield code="o">332.12 GURS</subfield>
    <subfield code="p">MBA10540</subfield>
    <subfield code="r">2026-05-23 00:00:00</subfield>
    <subfield code="v">330.00</subfield>
    <subfield code="w">2021-07-16</subfield>
    <subfield code="y">BK</subfield>
  </datafield>
  <datafield tag="952" ind1=" " ind2=" ">
    <subfield code="0">0</subfield>
    <subfield code="1">0</subfield>
    <subfield code="2">ddc</subfield>
    <subfield code="4">0</subfield>
    <subfield code="7">0</subfield>
    <subfield code="8">MBA</subfield>
    <subfield code="a">AIMIT</subfield>
    <subfield code="b">AIMIT</subfield>
    <subfield code="d">2013-02-21</subfield>
    <subfield code="g">440.00</subfield>
    <subfield code="i">Bill no:410; Bill dt:2013-02-19</subfield>
    <subfield code="l">0</subfield>
    <subfield code="o">332.12 GURS</subfield>
    <subfield code="p">MBA10541</subfield>
    <subfield code="r">2026-05-23 00:00:00</subfield>
    <subfield code="v">330.00</subfield>
    <subfield code="w">2021-07-16</subfield>
    <subfield code="y">BK</subfield>
  </datafield>
  <datafield tag="952" ind1=" " ind2=" ">
    <subfield code="0">0</subfield>
    <subfield code="1">0</subfield>
    <subfield code="2">ddc</subfield>
    <subfield code="4">0</subfield>
    <subfield code="7">0</subfield>
    <subfield code="8">MBA</subfield>
    <subfield code="a">AIMIT</subfield>
    <subfield code="b">AIMIT</subfield>
    <subfield code="d">2013-02-21</subfield>
    <subfield code="g">440.00</subfield>
    <subfield code="i">Bill no:410; Bill dt:2013-02-19</subfield>
    <subfield code="l">0</subfield>
    <subfield code="o">332.12 GURS</subfield>
    <subfield code="p">MBA10542</subfield>
    <subfield code="r">2026-05-23 00:00:00</subfield>
    <subfield code="v">330.00</subfield>
    <subfield code="w">2021-07-16</subfield>
    <subfield code="y">BK</subfield>
  </datafield>
  <datafield tag="952" ind1=" " ind2=" ">
    <subfield code="0">0</subfield>
    <subfield code="1">0</subfield>
    <subfield code="2">ddc</subfield>
    <subfield code="4">0</subfield>
    <subfield code="7">0</subfield>
    <subfield code="8">MBA</subfield>
    <subfield code="a">AIMIT</subfield>
    <subfield code="b">AIMIT</subfield>
    <subfield code="d">2013-02-21</subfield>
    <subfield code="g">440.00</subfield>
    <subfield code="i">Bill no:410; Bill dt:2013-02-19</subfield>
    <subfield code="l">0</subfield>
    <subfield code="o">332.12 GURS</subfield>
    <subfield code="p">MBA10543</subfield>
    <subfield code="r">2026-05-23 00:00:00</subfield>
    <subfield code="v">330.00</subfield>
    <subfield code="w">2021-07-16</subfield>
    <subfield code="y">BK</subfield>
  </datafield>
  <datafield tag="952" ind1=" " ind2=" ">
    <subfield code="0">0</subfield>
    <subfield code="1">0</subfield>
    <subfield code="2">ddc</subfield>
    <subfield code="4">0</subfield>
    <subfield code="7">0</subfield>
    <subfield code="8">MBA</subfield>
    <subfield code="a">AIMIT</subfield>
    <subfield code="b">AIMIT</subfield>
    <subfield code="d">2013-02-21</subfield>
    <subfield code="g">440.00</subfield>
    <subfield code="i">Bill no:410; Bill dt:2013-02-19</subfield>
    <subfield code="l">0</subfield>
    <subfield code="o">332.12 GURS</subfield>
    <subfield code="p">MBA10544</subfield>
    <subfield code="r">2026-05-23 00:00:00</subfield>
    <subfield code="v">330.00</subfield>
    <subfield code="w">2021-07-16</subfield>
    <subfield code="y">BK</subfield>
  </datafield>
  <datafield tag="952" ind1=" " ind2=" ">
    <subfield code="0">0</subfield>
    <subfield code="1">0</subfield>
    <subfield code="2">ddc</subfield>
    <subfield code="4">0</subfield>
    <subfield code="7">0</subfield>
    <subfield code="8">MBA</subfield>
    <subfield code="a">AIMIT</subfield>
    <subfield code="b">AIMIT</subfield>
    <subfield code="d">2013-02-21</subfield>
    <subfield code="g">440.00</subfield>
    <subfield code="i">Bill no:410; Bill dt:2013-02-19</subfield>
    <subfield code="l">0</subfield>
    <subfield code="o">332.12 GURS</subfield>
    <subfield code="p">MBA10545</subfield>
    <subfield code="r">2026-05-23 00:00:00</subfield>
    <subfield code="v">330.00</subfield>
    <subfield code="w">2021-07-16</subfield>
    <subfield code="y">BK</subfield>
  </datafield>
  <datafield tag="952" ind1=" " ind2=" ">
    <subfield code="0">0</subfield>
    <subfield code="1">0</subfield>
    <subfield code="2">ddc</subfield>
    <subfield code="4">0</subfield>
    <subfield code="7">0</subfield>
    <subfield code="8">MBA</subfield>
    <subfield code="a">AIMIT</subfield>
    <subfield code="b">AIMIT</subfield>
    <subfield code="d">2013-02-21</subfield>
    <subfield code="g">440.00</subfield>
    <subfield code="i">Bill no:410; Bill dt:2013-02-19</subfield>
    <subfield code="l">0</subfield>
    <subfield code="o">332.12 GURS</subfield>
    <subfield code="p">MBA10546</subfield>
    <subfield code="r">2026-05-23 00:00:00</subfield>
    <subfield code="v">330.00</subfield>
    <subfield code="w">2021-07-16</subfield>
    <subfield code="y">BK</subfield>
  </datafield>
  <datafield tag="952" ind1=" " ind2=" ">
    <subfield code="0">0</subfield>
    <subfield code="1">0</subfield>
    <subfield code="2">ddc</subfield>
    <subfield code="4">0</subfield>
    <subfield code="7">0</subfield>
    <subfield code="8">MBA</subfield>
    <subfield code="a">AIMIT</subfield>
    <subfield code="b">AIMIT</subfield>
    <subfield code="d">2013-02-21</subfield>
    <subfield code="g">440.00</subfield>
    <subfield code="i">Bill no:410; Bill dt:2013-02-19</subfield>
    <subfield code="l">0</subfield>
    <subfield code="o">332.12 GURS</subfield>
    <subfield code="p">MBA10547</subfield>
    <subfield code="r">2026-05-23 00:00:00</subfield>
    <subfield code="v">330.00</subfield>
    <subfield code="w">2021-07-16</subfield>
    <subfield code="y">BK</subfield>
  </datafield>
  <datafield tag="952" ind1=" " ind2=" ">
    <subfield code="0">0</subfield>
    <subfield code="1">0</subfield>
    <subfield code="2">ddc</subfield>
    <subfield code="4">0</subfield>
    <subfield code="7">0</subfield>
    <subfield code="8">MBA</subfield>
    <subfield code="a">AIMIT</subfield>
    <subfield code="b">AIMIT</subfield>
    <subfield code="d">2013-02-21</subfield>
    <subfield code="g">440.00</subfield>
    <subfield code="i">Bill no:410; Bill dt:2013-02-19</subfield>
    <subfield code="l">0</subfield>
    <subfield code="o">332.12 GURS</subfield>
    <subfield code="p">MBA10548</subfield>
    <subfield code="r">2026-05-23 00:00:00</subfield>
    <subfield code="v">330.00</subfield>
    <subfield code="w">2021-07-16</subfield>
    <subfield code="y">BK</subfield>
  </datafield>
</record>
